| 000 | 00678cam a2200193 4500 | ||
|---|---|---|---|
| 001 | ##L132389 | ||
| 008 | 060202n1991 000 0 eng u | ||
| 035 | _a(Sirsi) u132389 | ||
| 041 | 0 | _aeng | |
| 050 | 0 | 4 | _a333.3370946 $2 18 |
| 110 | 2 |
_aClifford Chance _92015 |
|
| 245 | 0 | 0 | _aInvesting in commercial property in Spain |
| 260 |
_aLondon _bClifford Chance _c1991 |
||
| 300 |
_a47p. _c30cm. |
||
| 520 | _aReviews how investment in the Spanish commercial property market improved after the introduction of the "Decreto Boyer" act of 1985 that resulted in the total elimination of rent controls. | ||
| 650 | 2 | 4 | _aSPAIN |
| 690 | _aPROPERTY-COMMERCIAL PROPERTY | ||
| 942 | _n0 | ||
| 999 |
_c105122 _d105122 |
||